Everyday spelling / (Record no. 14205)

000 -LEADER
fixed length control field 01481nam a2200373Ia 4500
020 ## - INTERNATIONAL STANDARD BOOK NUMBER
ISBN 0673575284 (teacher's edition, book 1)
020 ## - INTERNATIONAL STANDARD BOOK NUMBER
ISBN 0673575292 (teacher's edition, book 2)
020 ## - INTERNATIONAL STANDARD BOOK NUMBER
ISBN 0673575306 (teacher's edition, book 3)
020 ## - INTERNATIONAL STANDARD BOOK NUMBER
ISBN 0673575314 (teacher's edition, book 4)
020 ## - INTERNATIONAL STANDARD BOOK NUMBER
ISBN 0673575322 (teacher's edition, book 5)
020 ## - INTERNATIONAL STANDARD BOOK NUMBER
ISBN 0673575330 (teacher's edition, book 6)
020 ## - INTERNATIONAL STANDARD BOOK NUMBER
ISBN 0673575349 (teacher's edition, book 7)
020 ## - INTERNATIONAL STANDARD BOOK NUMBER
ISBN 0673575357 (teacher's edition, book 8)
020 ## - INTERNATIONAL STANDARD BOOK NUMBER
ISBN 0673601358 (grade 1, consumable)
020 ## - INTERNATIONAL STANDARD BOOK NUMBER
ISBN 067360148X (grade 2)
020 ## - INTERNATIONAL STANDARD BOOK NUMBER
ISBN 0673601498 (grade 3)
020 ## - INTERNATIONAL STANDARD BOOK NUMBER
ISBN 0673601501 (grade 4)
020 ## - INTERNATIONAL STANDARD BOOK NUMBER
ISBN 067360151X (grade 5)
020 ## - INTERNATIONAL STANDARD BOOK NUMBER
ISBN 0673601528 (grade 6)
020 ## - INTERNATIONAL STANDARD BOOK NUMBER
ISBN 0673601536 (grade 7)
020 ## - INTERNATIONAL STANDARD BOOK NUMBER
ISBN 0673601544 (grade 8)
040 ## - CATALOGING SOURCE
Transcribing agency UIU
082 ## - DEWEY DECIMAL CLASSIFICATION NUMBER
Classification number 372 SCO 2000 A065 Or.
100 1# - MAIN ENTRY--AUTHOR NAME
Personal name Beers, James W.,
245 10 - TITLE STATEMENT
Title Everyday spelling /
246 14 - VARYING FORM OF TITLE
Title proper/short title Scott Foresman-Addison Wesley everyday spelling :
Remainder of title vocabulary, writing
260 ## - PUBLICATION, DISTRIBUTION, ETC. (IMPRINT)
Place of publication Glenview, Ill. :
Name of publisher Scott Foresman Addison Wesley,
Year of publication c2000
300 ## - PHYSICAL DESCRIPTION
Number of Pages v. :
Other physical details col. ill. ;
Dimensions 28 cm. +
Accompanying material teacher's edition + student text, D'Nealian edition + charts + CD-ROM + software + transparencies + audiotapes + lesson plans + forms + tests + manipulatives + workbooks + mini books + practice masters
650 #0 - SUBJECT ADDED ENTRY--TOPICAL TERM
Topical Term Spellers
650 #0 - SUBJECT ADDED ENTRY--TOPICAL TERM
Topical Term English language
700 1# - ADDED ENTRY--PERSONAL NAME
Personal name Cramer, Ronald L
700 1# - ADDED ENTRY--PERSONAL NAME
Personal name Hammond, W. Dorsey
942 ## - ADDED ENTRY ELEMENTS (KOHA)
Koha item type សៀវភៅភាសាអង់គ្លេស
952 ## - LOCATION AND ITEM INFORMATION (KOHA)
Withdrawn status [LOCAL, KOHA] 0
Holdings
Permanent Location Date acquired Koha item type Lost status Shelving location Barcode Current Location Full call number
Library Block A2017-10-10សៀវភៅភាសាអង់គ្លេស A065A19024Library Block A372 SCO 2000 A065 Or.
មជ្ឈមណ្ឌលឯការនៃសាកលវិទ្យាល័យភូមិន្ទកសិកម្មចំការដូង

Powered by Koha